000 01064nam a2200325Ia 4500
003 OSt
005 20220928113650.0
006 a|||||r|||| 00| 0
007 ta
008 220927b |||||||| |||| 00| 0 eng d
020 _cINR 799.00
024 _a139224
037 _b31, 18/01/2019, Classic Book Service
_cTextual
040 _aSDCL
_cSDCL
_beng
041 _2eng
_aeng
082 _aQ(T), Q3
100 _aConroy James C.
_9434353
245 0 _aDoes religious education work?
_b A multi-dimensional investigation
260 _aNew Delhi
_bBloomsbury
_c2013
300 _avii,270p.
_ccm.
650 _a Religion
_9156297
650 _a Religious Teachings
_9434354
650 _a Theology
_9434355
650 _aReligious politics
_9434356
700 _a Baumfield Vivienne
_9434357
700 _a Davis Robert A.
_9434358
700 _a Lundie David
_9434359
942 _hQ(T), Q3
_cTEXL
_2CC
999 _c750700
_d750700